000 00588nam a2200253Ia 4500
003 OSt
005 20220912152708.0
006 a|||||r|||| 00| 0
007 ta
008 220909b |||||||| |||| 00| 0 eng d
024 _a37882
037 _cTextual
040 _aCSL
_beng
_cCSL
041 _aeng
082 _aB9-1, G5
100 _aBaker Robert H
245 0 _aIntroduction to astronomy
260 _c1935
300 _ap.
_ccm.
650 _a Astronomy
650 _aAstrobiology
942 _hB9-1, G5
_cTEXL
_2CC
999 _c90295
_d90295